Heavy Metal Pollution (Record no. 328972)

000 -LEADER
fixed length control field nam a22 7a 4500
003 - CONTROL NUMBER IDENTIFIER
control field Nust
005 - DATE AND TIME OF LATEST TRANSACTION
control field 20170420120501.0
008 - FIXED-LENGTH DATA ELEMENTS--GENERAL INFORMATION
fixed length control field 170420b xxu||||| |||| 00| 0 eng d
020 ## - INTERNATIONAL STANDARD BOOK NUMBER
International Standard Book Number 9788131304846
040 ## - CATALOGING SOURCE
Transcribing agency 0
082 ## - DEWEY DECIMAL CLASSIFICATION NUMBER
Classification number 363.73 AGA
100 ## - MAIN ENTRY--PERSONAL NAME
Personal name Agarwal,S.K
245 ## - TITLE STATEMENT
Title Heavy Metal Pollution
Statement of responsibility, etc. S.K.Agarwal
260 ## - PUBLICATION, DISTRIBUTION, ETC.
Place of publication, distribution, etc. New Delhi
Name of publisher, distributor, etc. A.P.H
Date of publication, distribution, etc. 2009
300 ## - PHYSICAL DESCRIPTION
Extent 260p.
500 ## - GENERAL NOTE
General note H.B
942 ## - ADDED ENTRY ELEMENTS (KOHA)
Source of classification or shelving scheme
Koha item type Book
Call number prefix 363.73 AGA
Holdings
Withdrawn status Lost status Source of classification or shelving scheme Damaged status Not for loan Collection code Permanent Location Current Location Shelving location Date acquired Total Checkouts Full call number Barcode Date last seen Date last checked out Price effective from Koha item type
            Institute of Environmental Science and Engineering (IESE) Institute of Environmental Science and Engineering (IESE) General Stacks 04/20/2017 1 363.73 AGA IESE-2690 02/24/2021 11/04/2020 04/20/2017 Book
© 2023 Central Library, National University of Sciences and Technology. All Rights Reserved.